Měření efektivity POP kampaní na prodejně

Popis metód, ktorými sa dá kampaň merať. Skutočnosti, ktoré ovplyvňujú celkovú úspešnosť výrobku. Meranie cenovej a promočnej elasticity. Meranie efektivity na základe predajných dát. Kontrolné a testovacie obchody. Vyhodnotenie kampane v spolupráci s klientom Kofola.

Saved in:
Bibliographic Details
Main Author: Vozníková, Andrea
Other Authors: Karmazín, Ondřej
Format: Book Chapter
Language:Czech
Subjects:
Tags: Add Tag
No Tags, Be the first to tag this record!

MARC

LEADER 00000naa a2200000 4500
001 0260604
005 20200103081530.8
041 0 |a cze 
044 |a CZ 
245 1 0 |a Měření efektivity POP kampaní na prodejně  |c Andrea Vozníková, Ondřej Karmazín 
520 |a Popis metód, ktorými sa dá kampaň merať. Skutočnosti, ktoré ovplyvňujú celkovú úspešnosť výrobku. Meranie cenovej a promočnej elasticity. Meranie efektivity na základe predajných dát. Kontrolné a testovacie obchody. Vyhodnotenie kampane v spolupráci s klientom Kofola. 
610 2 0 |a efektívnosť 
610 2 0 |a meranie 
610 2 0 |a spotrebitelia 
610 2 0 |a kampane reklamné 
610 2 0 |a rozhodovanie nákupné 
610 2 0 |a stratégia obchodná 
610 2 0 |a obchod 
610 2 0 |a zákazníci 
610 2 0 |a Česko 
100 1 |a Vozníková, Andrea 
700 1 |a Karmazín, Ondřej